| 000 | 01109cam a2200289 a 4500 | ||
|---|---|---|---|
| 001 | 3070694 | ||
| 003 | NUST-PNEC | ||
| 005 | 20170116180738.0 | ||
| 008 | 970424s1998 njua 001 0 eng | ||
| 010 | _a 97019517 | ||
| 020 | _a013490558X | ||
| 040 | _cPNEC | ||
| 050 | 0 | 0 |
_aQA76.66 _b.C55 1998 |
| 082 | 0 | 0 |
_a005.42 CLA _221 |
| 100 | 1 | _aClarke, David L. | |
| 245 | 1 | 0 |
_aSystem software programming : the way things work _cDavid L. Clarke, Donald Merusi. |
| 260 |
_aUpper Saddle River, NJ : _bPrentice Hall PTR, _cc1998. |
||
| 300 |
_axiii, 458 p. : _bill. ; _c24 cm. |
||
| 500 | _aIncludes index. | ||
| 650 | 0 |
_aSystems programming (Computer science) _xMIS, computer |
|
| 650 | 0 | _aComputer software. | |
| 700 | 1 |
_aMerusi, Donald, _d1951 |
|
| 856 | _uhttp://www.amazon.com/Systems-Software-Programming-Things-CD-ROM/dp/013490558X/ref=sr_1_1?ie=UTF8&qid=1417956353&sr=8-1&keywords=013490558x | ||
| 906 |
_a7 _bcbc _corignew _d1 _eocip _f19 _gy-gencatlg |
||
| 942 |
_2ddc _cBK |
||
| 999 |
_c62059 _d62059 |
||